Louane - Quelles paroles pour quelle chanson - Statistiques

Statistiques générales
  • Ce quiz a été pris 47 fois
  • Le résultat moyen est 14 sur 30
Statistiques - réponses
Paroles Chansons % Correct
"Essence térébenthine Cachée dans la poitrine" Jour 1
94%
"Toi, tu vas comment ? Est-c'que tu vois tout ici ?" Maman
94%
"Sur les trottoirs, je pense à toi
Sur les boulevards, je pense à toi
Dans la nuit noire, je pense à toi
Même s'il est tard"
On était beau
88%
"Comme toutes les filles, ça sera pas facile Mais moi, je crois en toi" Secret
88%
"Parfois, je pense à toi dans les voitures Le pire, c'est les voyages, c'est d'aventure" Si t'étais là
88%
"Partie pour un soir Juste lui parler Au fond d'un couloir Tu voulais aller" Avenir
85%
"Elle m'observait hier Soucieuse, troublée, ma mère" Je vole
82%
"Regarde-moi, qu'est-ce que tu vois? Moi je vais me battre pour toi et moi" No
76%
"Je vais hanter tes pensées
Subversivement les faire miennes
Et je vais faire rentrer
Mon nom dans ta cervelle"
Alien
73%
"L'espoir qui joue, le feu, le froid
Un souffle au cou, baiser de roi
Pour nous reprendre, pour nous défendre
Pour se comprendre chaque fois"
Aimer à mort
67%
"Alors, je joins ma voix encore une fois pour tenir dans l'orage Je joins ma voix encore une fois pour trouver le courage" Derrière le brouillard
58%
"Tes petites éraflures Tes grandes égratignures" Les étoiles
58%
"Mais quand tu me regardes Je baisse un peu la garde" La pluie
52%
"S'il y a une chose que je veux retenir C'est que pour aller mieux, faut savoir finir" Chiens
42%
"J'ose pas montrer c'que j'ai dans le cœur J'passe ma vie à changer, je dessine" Douce
42%
"Malgré tout, voyager
Des retours, des allées
Descendre, remonter
À l'espoir, adossés"
Nos secrets
42%
"Et j'aimerais te dire que c'est fini Mais j'recommence encore" Pardonne moi
42%
"J'imagine un monde
Un monde céleste
Où personne ne sort, nan
Où personne ne reste"
Donne moi ton coeur
33%
"J'crois que j'ai toujours eu peur du trop Quelle ironie quand on connait un peu ma peau" Le bateau coule
30%
"Encore un jour de plus
À essayer d'affronter dehors
Encore un jour de plus
À affronter les mélanges de corps"
Dans ma tête
27%
"Je marche dans le vide et je me sens fragileJe sens que je n'y arrive pas" Aidez-moi
21%
"Et j'ai confiance
Je mesure ma chance
Je respire enfin
Plus peur de rien"
Solo
21%
"La tristesse dans tes yeux
Moi, j'y pense encore
La détresse et le feu
J'y pense encore"
Souvenirs
21%
"Ce monde que t'as imaginé n'saura pas te sauver
Petite, j'te promets, t'en verras d'autres (t'en verras d'autres)"
Tornade
21%
"J'essaye de prendre de la distance De m'éloigner des gens qui dansent Ça fait revenir tous les souvenirs J't'ai vu partir" Avant
15%
"Le chaos que tu traines peut tomber sur moi
Je sais qui tu es, je sais qui tu aimes"
Nuit pourpre
15%
"Entre loisir et amour, je souffre
Jusqu'à la montagne de douleur
J'aime me perdre la nuit et remplacer la route
Par des éclaboussures de couleur"
Poésie indécise
15%
"Je te regarde Maintenant, je sais" Tu m'as dit
12%
"Pour pas se noyer
Tomber dans l'oubli
Et tout recommencer"
Sens
9%
"J'efface
Les morceaux d'avant
J'laisse passer le temps
Et tout ce qui me reste quand
Je m'endors"
Les excuses
6%
Aucun quiz correspondant
Distribution des résultats
% des personnes avec chaque résultat
Percentile par nombre de réponses
Votre historique - résultats
Vous n’avez pas pris ce quiz